96 Départements, 96 Villes Françaises (difficile) - Statistiques

Statistiques générales
  • Ce quiz a été pris 344 fois
    308 depuis la dernière actualisation
  • Le résultat moyen est 49 sur 96
Statistiques - réponses
Ville Département % Correct
Paris Paris
90%
Concarneau Finistère
79%
Beaune Côte-d'Or
77%
Corte Haute-Corse
76%
Cognac Charente
74%
Royan Charente-Maritime
73%
Rambouillet Yvelines
72%
Barcelonnette Alpes-de-Haute-Provence
71%
Honfleur Calvados
71%
Fougères Ille-et-Vilaine
69%
Granville Manche
69%
Anglet Pyrénées-Atlantiques
69%
Propriano Corse-du-Sud
68%
La Flèche Sarthe
66%
Perros-Guirec Côtes-d'Armor
64%
Sochaux Doubs
64%
Figeac Lot
64%
Saumur Maine-et-Loire
63%
Bourg-Saint-Maurice Savoie
63%
Étampes Essonne
62%
La Baule-Escoublac Loire-Atlantique
62%
Sarreguemines Moselle
62%
Gérardmer Vosges
62%
Aubenas Ardèche
61%
Sarlat-la-Canéda Dordogne
61%
Morzine Haute-Savoie
61%
La Teste-de-Buch Gironde
58%
Oradour-sur-Glane Haute-Vienne
58%
Apt Vaucluse
58%
Soorts-Hossegor Landes
57%
Épernay Marne
57%
L'Haÿ-les-Roses Val-de-Marne
57%
Brignoles Var
57%
Chatellerault Vienne
56%
Gex Ain
54%
Lanester Morbihan
54%
Issoudun Indre
53%
Toul Meurthe-et-Moselle
53%
Langres Haute-Marne
52%
Saint-Claude Jura
52%
Marmande Lot-et-Garonne
52%
Bressuire Deux-Sèvres
51%
Argelès-Gazost Hautes-Pyrénées
51%
Pithiviers Loiret
51%
Vendôme Loir-et-Cher
51%
Avallon Yonne
51%
La Souterraine Creuse
50%
Condom Gers
50%
Thiers Puy-de-Dôme
50%
Castelsarrasin Tarn-et-Garonne
50%
Bagneux Hauts-de-Seine
49%
Saint-Affrique Aveyron
48%
Ussel Corrèze
48%
Colomiers Haute-Garonne
47%
Givors Rhône
47%
Nemours Seine-et-Marne
46%
Salers Cantal
45%
Chateaudun Eure-et-Loir
45%
Brioude Haute-Loire
45%
Lodève Hérault
45%
Loches Indre-et-Loire
45%
Eu Seine-Maritime
45%
Limoux Aude
44%
Saverne Bas-Rhin
44%
Embrun Hautes-Alpes
44%
Saint-Chamond Loire
44%
Challans Vendée
43%
Vernon Eure
42%
Nyons Drôme
41%
Voiron Isère
41%
Flers Orne
41%
Paray-le-Monial Saône-et-Loire
41%
Gagny Seine-Saint-Denis
41%
Thann Haut-Rhin
40%
Commercy Meuse
40%
Château-Chinon Nièvre
39%
Mazamet Tarn
39%
Mirepoix Ariège
38%
Allauch Bouches-du-Rhône
38%
Marvejols Lozère
38%
Céret Pyrénées-Orientales
38%
Vence Alpes-Maritimes
37%
Château-Gontier Mayenne
37%
Saint-Amand-Montrond Cher
36%
Lure Haute-Saône
36%
Saint-Amand-les-Eaux Nord
36%
Hirson Aisne
33%
Gannat Allier
32%
Noyon Oise
32%
Herblay Val-d'Oise
31%
Pont-Saint-Esprit Gard
30%
Bruay-la-Buissière Pas-de-Calais
30%
Montdidier Somme
28%
Delle Territoire-de-Belfort
26%
Chooz Ardennes
25%
Brienne-le-Château Aube
24%
Aucun quiz correspondant
Distribution des résultats
% des personnes avec chaque résultat
Percentile par nombre de réponses
Votre historique - résultats
Vous n’avez pas pris ce quiz depuis la dernière actualisation